[Event "New Hampshire op 50th U2100"]
[Site "New Hampshire"]
[Date "2000.??.??"]
[Round "4"]
[White "Polizoti, Geoffrey"]
[Black "Schalk, Alan"]
[Result "1/2-1/2"]
[WhiteElo "2075"]
[BlackElo "2060"]
[PlyCount "48"]
[EventDate "2000.??.??"]
[EventType "swiss"]
[EventRounds "4"]
[EventCountry "USA"]
[SourceTitle "EXT 2003"]
[Source "ChessBase"]
[SourceDate "2002.11.25"]
[SourceVersion "1"]
[SourceVersionDate "2002.11.25"]
[SourceQuality "1"]

1. e4 d6 2. d4 Nf6 3. Nc3 c6 4. Nf3 Bg4 5. h3 Bh5 6. Be3 Nbd7 7. Bd3 e5 8. Qd2 Bxf3 9. gxf3 Qa5 10. Ne2 Qxd2+ 11. Bxd2 d5 12. 0-0-0 0-0-0 13. c3 Bd6 14. Ng3 g6 15. Rhe1 Rhe8 16. Bg5 Be7 17. Bc2 Ng8 18. Be3 Ngf6 19. Bb3 exd4 20. cxd4 Bb4 21. Bd2 Bxd2+ 22. Rxd2 Nb6 23. Re3 Nfd7 24. e5 f5 1/2-1/2

[Event "Bishops Cross op 2nd"]
[Site "Lebanon"]
[Date "1996.11.17"]
[Round "7"]
[White "Lavigne, Lawrence"]
[Black "Schalk, Alan"]
[Result "1-0"]
[WhiteElo "2180"]
[BlackElo "2105"]
[PlyCount "59"]
[EventDate "1996.11.??"]
[EventType "swiss"]
[EventRounds "7"]
[EventCountry "USA"]
[SourceTitle "EXT 2005"]
[Source "ChessBase"]
[SourceDate "2004.11.15"]
[SourceVersion "1"]
[SourceVersionDate "2004.11.15"]
[SourceQuality "1"]

1. d4 Nf6 2. c4 g6 3. Nc3 Bg7 4. e4 d6 5. f3 0-0 6. Be3 e5 7. d5 Nh5 8. g4 Nf4 9. Nge2 f5 10. gxf5 gxf5 11. Qd2 Qh4+ 12. Bf2 Qh6 13. Nxf4 Qxf4 14. Qxf4 exf4 15. Rg1 Nd7 16. Bd4 Rf7 17. 0-0-0 a6 18. exf5 Ne5 19. Bxe5 dxe5 20. Bd3 Bxf5 21. Bxf5 Rxf5 22. Ne4 Kh8 23. Rg2 Bf8 24. Rdg1 Be7 25. Rg7 Re8 26. c5 Rh5 27. d6 cxd6 28. cxd6 Bd8 29. d7 Rf8 30. Nd6 1-0

[Event "Queen City op 20th"]
[Site "Queen City"]
[Date "1996.??.??"]
[Round "?"]
[White "Schalk, Alan"]
[Black "Montgomery, Parker"]
[Result "1/2-1/2"]
[WhiteElo "2100"]
[BlackElo "2255"]
[PlyCount "43"]
[EventDate "1996.??.??"]
[EventType "swiss"]
[EventRounds "5"]
[EventCountry "USA"]
[SourceTitle "EXT 2001"]
[Source "ChessBase"]
[SourceDate "2000.11.22"]
[SourceVersion "1"]
[SourceVersionDate "2000.11.22"]
[SourceQuality "1"]

1. e4 e5 2. Nf3 Nc6 3. Bb5 f5 4. Nc3 fxe4 5. Nxe4 d5 6. Nxe5 dxe4 7. Nxc6 Qd5 8. c4 Qd6 9. Qh5+ g6 10. Qe5+ Qxe5 11. Nxe5+ c6 12. Ba4 Bg7 13. f4 exf3 14. Nxf3 Bf5 15. d4 0-0-0 16. Bg5 Re8+ 17. Kd2 Nf6 18. Bxf6 Bxf6 19. Rhe1 Rd8 20. Kc3 c5 21. Rad1 Bg4 22. Rd3 1/2-1/2